[Event "IOM Open-Masters 2017"]
[Site "Douglas"]
[Date "2017.09.23"]
[Round "1"]
[White "Jonsson, Gauti Pall"]
[Black "Perelshteyn, Eugene"]
[Result "0-1"]
[WhiteElo "2011"]
[BlackElo "2524"]
[Annotator "TA"]
[PlyCount "64"]
[EventDate "2017.??.??"]
[EventType "swiss"]
[EventCountry "GBR"]
[SourceTitle "playchess.com"]
[Source "ChessBase"]
[SourceQuality "1"]

{[%evp 16,64,39,35,47,3,33,-64,-48,-70,-16,-75,-75,-66,-64,-230,-243,-236,-216,-209,-215,-210,-205,-237,-225,-260,-257,-240,-242,-254,-203,-203,-197,-202,-197,-202,-200,-192,-189,-199,-182,-280,-271,-440,-187,-557,-560,-550,-555,-574,-569]} 1. d4 g6 2. c4 Nf6 3. Nc3 Bg7 4. e4 d6 5. Be2 O-O 6. Be3 Na6 {E73: King's Indian: Averbakh Variation without 6...c5} (6... c5 7. dxc5 Qa5 8. Bd2 dxc5 9. e5 Ne8 10. f4 f6 11. Nd5 Qd8 12. Be3 Na6 13. Nf3 Bg4 14. Qb3 e6 15. Nc3 fxe5 16. fxe5 Bxf3 17. Bxf3 Bxe5 18. Qxb7 {½-½ (33) Iturrizaga Bonelli,E (2671)-Jones,G (2671) Dubai 2017}) 7. Qd2 e5 8. d5 Nc5 9. f3 {LiveBook: 10 Games} Nh5 10. g4 {[#]} Nf4 $1 {[%cal Rf4g2][%mdl 512]} 11. Bxf4 $146 ({Better is} 11. O-O-O $14) ({Predecessor:} 11. Bf1 f5 12. Bxc5 dxc5 13. gxf5 gxf5 14. Qf2 b6 15. O-O-O fxe4 16. Nxe4 {0-1 (34) Burton,R (1946)-Bennett,P (2128) Runcorn 2010}) 11... exf4 $15 12. h4 $1 Be5 ({Black should play} 12... a5 $15) 13. O-O-O {[#]} (13. Bf1 $11 {remains equal.}) 13... a6 $1 $17 14. Nh3 b5 $36 {[%cal Bb7b5,Bb5b4][%mdl 2080] Black fights for an advantage.} 15. Nxf4 $2 (15. Rdg1 $15) 15... b4 $19 16. Nb1 Qf6 17. Nd3 Nxd3+ 18. Qxd3 Bxb2+ 19. Kd2 Be5 20. Rdg1 a5 {[%cal Ba6a5,Ba5a4][%mdl 32]} 21. Ke1 a4 22. g5 Qf4 23. Qd2 Qxd2+ 24. Kxd2 Bf4+ 25. Kd3 h5 26. gxh6 Kh7 ({Not} 26... Bxh6 27. h5 $11) 27. a3 Rb8 {White must now prevent ...bxa3.} ({And not} 27... Kxh6 28. axb4 a3 29. Nc3 $11) 28. axb4 (28. Bd1 $142) 28... Rxb4 29. Nc3 $2 (29. Kc2 {was necessary.} Bd7 30. Nc3) 29... Ba6 (29... Rb2 $142 {[%csl Gf4][%cal Rb2d2]} 30. Rd1 a3) 30. Nb5 $2 (30. Kc2 {was the crucial defense.}) 30... Rxb5 {Black is clearly winning.} 31. cxb5 Bxb5+ 32. Kc2 Bxe2 {Precision: White = 31%, Black = 71%.} 0-1

[Event "IOM Open-Masters 2017"]
[Site "Douglas"]
[Date "2017.09.23"]
[Round "1"]
[White "Nahnsen, Kenneth"]
[Black "Degtiarev, Evgeny"]
[Result "0-1"]
[WhiteElo "2011"]
[BlackElo "2412"]
[Annotator "TA"]
[PlyCount "48"]
[EventDate "2017.??.??"]
[EventType "swiss"]
[EventCountry "GBR"]
[SourceTitle "playchess.com"]
[Source "ChessBase"]
[SourceQuality "1"]

{[%evp 12,48,0,0,0,0,41,40,45,-35,-33,-48,-48,-55,-50,-114,-89,-318,-335,-343,-327,-336,-331,-369,-372,-882,-225,-193,0,-832,-261,-391,-267,-928,-913,-29993,-29994,-29994,-29995]} 1. c3 Nf6 2. d3 e5 3. Nd2 Nc6 4. Ngf3 d5 5. e4 Bc5 6. Be2 dxe4 {C44: Ponziani Opening and Scotch Gambit} (6... a5 7. a4 O-O 8. O-O Re8 9. h3 h6 10. Re1 Be6 11. Nh2 Ne7 12. Bf1 Ng6 13. Nhf3 dxe4 14. dxe4 c6 15. Qc2 Qc7 16. Nc4 Red8 17. Be3 Bxe3 18. Nxe3 {1-0 (66) Jobava,B (2696)-Dominguez Perez,L (2726) Tbilisi 2015}) 7. dxe4 {LiveBook: 3 Games} O-O 8. Qc2 Nh5 $146 {The position is equal.} ({Predecessor:} 8... Qe7 9. O-O Nh5 10. Nc4 Nf4 11. Bxf4 exf4 12. b4 Bd6 13. Rad1 g5 14. Rfe1 {0-1 (22) Kammarzi,O-Armas Alfonso,G (2093) Havana 2013}) 9. b4 Bb6 10. b5 (10. Nc4 $14) 10... Nf4 $15 11. Bf1 Na5 12. Nb3 Qf6 $36 {[%mdl 2048] Black has some pressure.} 13. Be3 (13. Bxf4 $15 Qxf4 14. Nxa5 Bxa5 15. Be2) 13... Bg4 $17 {Hoping for ...Nxb3.} 14. Nfd2 $2 (14. Bxf4 $17 {might work better.} Qxf4 15. Be2) 14... Bxe3 $19 15. fxe3 {[#]} Nh3 $1 {[%csl Gh3][%cal Rf6f2][%mdl 512]} 16. Nc4 (16. gxh3 Qh4#) 16... Nxc4 17. Bxc4 Qh4+ 18. Kf1 $2 (18. Kd2 Nf2 19. Rhf1 Rad8+ 20. Bd5) 18... Qf6+ $2 (18... Rad8 19. gxh3 Bxh3+ 20. Ke2 Bg4+ 21. Kf1 Bh3+ 22. Ke2 Bg4+ 23. Kf1 Rd6) 19. Ke1 Qh4+ $2 (19... Be6 20. Bd5 Qh4+ 21. g3 Qg5) 20. Kf1 $1 Ng5 $2 (20... Rad8 21. gxh3 Bxh3+ 22. Ke2 Rd6) 21. Bd5 (21. Qf2 $142 Qxf2+ 22. Kxf2 Nxe4+ 23. Ke1) 21... Rad8 22. Bxb7 $2 (22. Qf2 Qh6 23. h4) 22... Rd6 23. Kg1 {[#]} Nh3+ $1 {[%mdl 512]} 24. gxh3 Bxh3 {Precision: White = 26%, Black = 71%.} 0-1

[Event "IOM Open-Masters 2017"]
[Site "Douglas"]
[Date "2017.09.22"]
[Round "1"]
[White "Acosta, Mariano"]
[Black "Xiong, Jeffery"]
[Result "0-1"]
[WhiteElo "2000"]
[BlackElo "2633"]
[Annotator "TA"]
[PlyCount "54"]
[EventDate "2017.??.??"]
[EventType "swiss"]
[EventCountry "GBR"]
[SourceTitle "playchess.com"]
[Source "ChessBase"]
[SourceQuality "1"]

{[%evp 17,54,-26,0,-15,-2,-41,-53,-36,-27,-79,-97,-85,-85,-105,-108,-98,-85,-97,-94,-112,-105,-283,-225,-414,-407,-412,-333,-436,-427,-540,-564,-550,-395,-812,-804,-740,-784,-759,-759]} 1. e4 c5 2. Nc3 d6 3. f4 Nc6 4. Bb5 Bd7 5. Nf3 g6 6. O-O Bg7 7. Bxc6 Bxc6 8. Qe1 Nf6 9. d3 Nd7 {LiveBook: 3 Games. B23: Closed Sicilian: Lines without g3} 10. Bd2 (10. a4 b6 11. f5 gxf5 12. exf5 Bxc3 13. bxc3 Rg8 14. Qh4 Ne5 15. Ne1 Qd7 16. d4 Ng4 17. a5 {0-1 (29) Hernandez Carmenates,H (2487)-Xiong,J (2660) Dallas 2016}) 10... b5 {[%cal Bb7b5,Bb5b4][%mdl 32]} 11. a4 $146 ({Predecessor:} 11. Nd1 O-O 12. Bc3 Nf6 13. Ne3 b4 14. Bd2 a5 15. f5 e6 16. fxe6 fxe6 17. Ng5 {0-1 (32) Schiffer,A-Braylovsky,G (2327) Parsippany 2005}) 11... b4 {Black is slightly better.} 12. Nd1 $1 O-O 13. Ra2 (13. c3 $11) 13... e6 $17 14. b3 f5 15. Ng5 Qf6 $36 {[%mdl 2048] Black is in control.} 16. c4 h6 17. Nf3 fxe4 18. dxe4 e5 19. g3 $2 {[#]} (19. fxe5 $17 Nxe5 20. Nxe5 Qxe5 21. Nf2) 19... Rae8 {[%cal Re5f4]} 20. Nf2 $2 (20. f5 {was called for.} gxf5 21. Nh4 Bxe4 22. Qe2) 20... exf4 $19 21. gxf4 Qe6 22. Bc1 Nf6 23. Bb2 Nxe4 24. Nxe4 Qxe4 25. Bxg7 $2 {[#]} (25. Qxe4 Rxe4 26. Ne1) 25... Qxf3 {Black is clearly winning.} 26. Rxf3 Rxe1+ 27. Kf2 Kxg7 {Precision: White = 21%, Black = 85%.} 0-1

[Event "IOM Open-Masters 2017"]
[Site "Douglas"]
[Date "2017.09.24"]
[Round "2"]
[White "Kramnik, Vladimir"]
[Black "Balint, Vilmos"]
[Result "1-0"]
[WhiteElo "2803"]
[BlackElo "2281"]
[Annotator "TA"]
[PlyCount "55"]
[EventDate "2017.??.??"]
[EventType "swiss"]
[EventCountry "GBR"]
[SourceTitle "playchess.com"]
[Source "ChessBase"]
[SourceQuality "1"]

{[%evp 12,55,17,21,21,20,20,26,31,37,43,25,130,128,132,138,137,142,159,152,145,149,144,149,152,124,130,111,157,142,178,185,218,193,206,204,383,393,398,391,406,400,387,395,670,646]} 1. d4 f5 2. Nf3 Nf6 3. e3 e6 4. Bd3 b6 5. O-O Bb7 6. c4 Be7 7. Nc3 O-O {A85: Dutch Defence: 2 c4 Nf6 3 Nc3} 8. b3 (8. Qc2 Qe8 9. e4 Qh5 10. Qe2 fxe4 11. Nxe4 Nxe4 12. Bxe4 Nc6 13. Be3 Qg4 14. Bxh7+ Kh8 15. h3 Nxd4 16. Bxd4 Bxf3 17. Qxf3 Qxf3 18. gxf3 Kxh7 {0-1 (58) Swapnil,S (2407)-Mamedyarov,S (2721) Kolkata 2009}) 8... Qe8 9. Bb2 Qh5 {White has an edge.} 10. d5 $146 ({Predecessor:} 10. Be2 Qh6 11. d5 Na6 12. Rc1 Nc5 13. Nb5 Nce4 14. Nxc7 Rac8 15. Nb5 {1-0 (28) Yu,Z (2393)-Chabot,R (2144) Montreal 2017}) 10... Na6 11. Nd4 Nc5 (11... Ng4 $6 12. h3 $16) (11... Qg6 $11 {keeps the balance.}) 12. Qxh5 $16 Nxh5 13. Be2 Nf6 {[#]} 14. dxe6 $1 dxe6 15. b4 Nce4 16. Nxe6 {Black must now prevent Nxe4.} Rfc8 17. Nxe4 Bxe4 18. Rfd1 Bxb4 {[#]} 19. c5 $1 {[%mdl 512]} Kf7 (19... Bxc5 20. Bxf6) 20. Bc4 {And now Nxc7+ would win.} Ke7 21. f3 b5 22. Bb3 (22. fxe4 $6 bxc4 23. Bxf6+ (23. exf5 c3 $14) 23... Kxf6 $14) (22. Bxb5 Kxe6 23. fxe4 Bxc5 $16) 22... Bc2 {...Bxb3 is the strong threat.} 23. Nxg7 Bxd1 $2 (23... Bxb3 {is a better defense.} 24. axb3 Rd8 25. Nxf5+ Kf7 26. Rxd8 Rxd8 27. Nh6+ Kg6 28. Bxf6 Kxf6 29. Ra6+ (29. Rxa7 Rd1+ 30. Kf2 Rd2+ 31. Kf1 Rd1+ 32. Ke2 Rd2+ 33. Kf1 Rd1+ 34. Kf2 Rd2+ 35. Kg3 Bxc5 $18) 29... Ke7 30. Nf5+ (30. Rxa7 Rd1+ 31. Kf2 Rd2+ 32. Kg3 Kd7 $16) 30... Ke8 31. Rxa7 Kd7) 24. Nxf5+ $18 ({Don't do} 24. Rxd1 Rf8 $18) 24... Ke8 {Hoping for ...Bxb3.} 25. Rxd1 Nd7 26. Ng7+ Ke7 27. Rd4 Bxc5 $2 (27... Nxc5 28. Nf5+ Ke8 29. Rxb4 Nxb3 30. Re4+ Kd7 31. axb3 Rd8) 28. Re4+ {Precision: White = 71%, Black = 45%.} 1-0

[Event "IOM Open-Masters 2017"]
[Site "Douglas"]
[Date "2017.09.24"]
[Round "2"]
[White "Nakamura, Hikaru"]
[Black "Olafsson, Helgi"]
[Result "1-0"]
[WhiteElo "2781"]
[BlackElo "2512"]
[Annotator "TA"]
[PlyCount "67"]
[EventDate "2017.??.??"]
[EventType "swiss"]
[EventCountry "GBR"]
[SourceTitle "playchess.com"]
[Source "ChessBase"]
[SourceQuality "1"]

{[%evp 18,67,20,17,19,0,17,0,16,25,25,28,25,16,45,0,5,-31,-31,-17,-24,-24,-30,-13,-31,-11,0,-41,-12,-27,-30,-30,0,0,0,0,4,0,55,34,70,75,99,97,228,212,221,214,239,237,1059,1062]} 1. Nf3 Nf6 2. g3 g6 3. b3 Bg7 4. Bb2 c5 5. Bg2 Nc6 6. c4 d6 7. O-O e5 8. Nc3 O-O 9. e3 Re8 {A38: Symmetrical English vs ...g6: 4 Bg2 Bg7 5 Nf3 Nf6} (9... Bf5 10. d4 e4 11. Ne1 Re8 12. Nc2 h5 13. Qd2 h4 14. Ba3 b6 15. Rfd1 Bg4 16. Rdc1 Qd7 17. b4 Qf5 {0-1 (37) Caruana,F (2795)-Kasparov,G (2812) Saint Louis 2016}) 10. d3 {LiveBook: 15 Games} Rb8 11. Ne1 $146 ({Predecessor:} 11. a3 a6 12. Nd2 Ne7 13. a4 b6 14. Nde4 Nxe4 15. dxe4 Be6 16. Qe2 Qd7 17. Rfd1 {1-0 (37) Benidze,D (2478)-Tuncer,T (2235) Izmir 2015}) 11... a6 {The position is equal.} 12. Nc2 Bg4 13. Qd2 Qd7 14. Nd5 Bh3 15. Nb6 Qe6 16. f4 (16. e4 {is interesting.} Nh5 17. Nd5 Bxg2 18. Kxg2 Rf8 19. Nce3) 16... exf4 17. gxf4 Ne4 18. dxe4 Bxg2 19. Qxg2 {Black must now prevent Bxg7.} Bxb2 20. Rad1 {Strongly threatening e5!} Bg7 21. f5 Qxe4 22. fxg6 hxg6 23. Rxd6 Qxg2+ 24. Kxg2 Rbd8 25. Rfd1 Rxd6 26. Rxd6 Rd8 27. Rd7 f5 (27... Bf8 $11) 28. Ne1 $1 $14 Bh6 29. Kf2 $1 f4 30. e4 Re8 {[#]} (30... g5 $16) 31. Nd5 $1 $18 {[%cal Rd5f6] Hoping for Nf6+.} ({Don't take} 31. Rxb7 Rxe4 32. Nd5 Bg7) 31... Bg7 32. Rxb7 Rxe4 {[#]} 33. Nf3 $1 Nd4 $2 (33... Re8 34. Rb6 Nd4) 34. Rb8+ {Precision: White = 67%, Black = 31%.} 1-0

[Event "IOM Open-Masters 2017"]
[Site "Douglas"]
[Date "2017.09.24"]
[Round "2"]
[White "Gelfand, Boris"]
[Black "Fischer, Daniel"]
[Result "1-0"]
[WhiteElo "2737"]
[BlackElo "2116"]
[Annotator "TA"]
[PlyCount "59"]
[EventDate "2017.??.??"]
[EventType "swiss"]
[EventCountry "GBR"]
[SourceTitle "playchess.com"]
[Source "ChessBase"]
[SourceQuality "1"]

{[%evp 16,59,16,0,25,7,29,26,29,27,64,31,117,64,64,58,89,59,45,30,106,95,185,189,188,181,187,154,156,118,140,119,212,148,235,223,434,422,394,406,406,377,392,392,387,380]} 1. d4 Nf6 2. c4 e6 3. g3 d5 4. Bg2 Be7 5. Nf3 O-O 6. O-O c6 7. Nc3 Nbd7 8. b3 b6 9. Nd2 Ba6 {E07: Closed Catalan: Main Line (5 Nf3 0-0 6 0-0 Nbd7)} 10. a4 (10. e4 dxc4 11. Nxc4 b5 12. Ne3 Qb6 13. Bb2 Rfd8 14. Rc1 e5 15. Ne2 b4 16. Nc4 Bxc4 17. Rxc4 {½-½ (46) Gelfand,B (2734)-Vallejo Pons,F (2711) Almaty 2016}) 10... Rc8 11. Bb2 Re8 {White has an edge.} 12. e4 dxc4 $146 ({Predecessor:} 12... Nf8 13. Re1 Bb7 14. a5 bxa5 15. c5 Qc7 16. e5 N6d7 17. Ne2 Ba6 18. Bc3 {1-0 (47) Poluljahov,A (2566)-Akhmadeev,V (2467) St Petersburg 1999}) 13. Nxc4 Bf8 {[#]} (13... Bxc4 $14 14. bxc4 e5) 14. e5 (14. f4 $1 $16) 14... Nd5 $14 15. Ne4 c5 16. Ned6 Bxd6 $1 17. exd6 N7f6 (17... Bxc4 $11 18. bxc4 N5f6) 18. Rc1 $36 {[%mdl 2048] White is really pushing.} Bb7 {[#]} (18... Bxc4 $16 {was worth a try.} 19. bxc4 Nb4) 19. dxc5 $1 $18 Rxc5 20. Bd4 Rc6 21. Re1 Rf8 22. Bb2 Rc8 23. Qd4 Re8 (23... a6 $16 24. Qe5 Rc6) 24. f4 Ba8 (24... a6 $16 {might work better.} 25. Ba3 Nd7) 25. g4 {[%cal Bg3g4,Bg4g5][%mdl 32]} Bc6 $2 (25... Rc5 26. d7 Qxd7) 26. Ne5 Qxd6 27. g5 {White is winning.} Nh5 28. Rxc6 ({Much less strong is} 28. Nxc6 Rxc6 29. Qxd5 Qxd5 $18) 28... Rxc6 29. Nxc6 Qxc6 30. Bf3 {Precision: White = 75%, Black = 34%.} 1-0

[Event "IOM Open-Masters 2017"]
[Site "Douglas"]
[Date "2017.09.24"]
[Round "2"]
[White "Vallejo Pons, Francisco"]
[Black "Panchanathan, Magesh Chandran"]
[Result "1-0"]
[WhiteElo "2717"]
[BlackElo "2481"]
[Annotator "TA"]
[PlyCount "135"]
[EventDate "2017.??.??"]
[EventType "swiss"]
[EventCountry "GBR"]
[SourceTitle "playchess.com"]
[Source "ChessBase"]
[SourceQuality "1"]

{[%evp 28,135,24,22,31,30,52,45,47,38,50,52,67,56,68,85,83,58,66,48,70,57,42,37,77,78,80,83,122,85,93,82,146,145,175,172,197,195,195,149,146,150,147,143,147,152,137,160,150,147,153,155,252,141,224,224,279,114,109,102,227,241,214,187,187,185,183,182,176,175,197,182,189,189,233,241,287,267,406,355,358,350,404,397,771,771,731,560,464,0,714,685,578,662,668,595,609,571,676,633,1031,861,1231,1158,2353,2275,1816,1650,1373,1294]} 1. e4 e5 2. Nf3 Nc6 3. Bb5 a6 4. Ba4 Nf6 5. O-O Be7 6. Re1 b5 7. Bb3 d6 8. c3 O-O 9. h3 Nb8 10. d4 Nbd7 11. Nbd2 Bb7 12. Bc2 Re8 13. Nf1 Bf8 14. Ng3 g6 15. Bg5 Bg7 {C95: Closed Ruy Lopez: Breyer Variation with 10 d4} 16. Qd2 c6 17. Rad1 Qe7 {White is slightly better.} 18. b3 {[#]} Nf8 $146 ({Predecessor:} 18... Qf8 19. a4 Rac8 20. Bd3 Rc7 21. Kh1 bxa4 22. bxa4 c5 23. dxe5 dxe5 {0-1 (56) Negi,P (2622)-Sasikiran,K (2676) New Delhi 2011}) 19. Bh6 Bxh6 20. Qxh6 Kh8 21. a4 Bc8 22. c4 bxc4 23. bxc4 c5 24. dxe5 $40 {[%mdl 128] Black needs to defend precisely.} dxe5 25. Ne2 Ng8 26. Qd2 a5 27. Nc3 Nf6 28. Rb1 Kg7 29. Nd5 Nxd5 (29... Qd8 $142) 30. cxd5 $16 Qd6 31. Qc3 Nd7 32. Nd2 Ba6 33. Qxa5 Reb8 34. Qc3 Rb4 35. Rec1 Rab8 36. Rxb4 cxb4 37. Qc6 Qxc6 38. dxc6 Nc5 39. Bb3 Nd3 (39... Nxb3 $16 40. Nxb3 Bc8) 40. Rc2 (40. c7 $6 Rc8 $16) ({White has to play} 40. Bc4 $1 $18 Bxc4 41. Rxc4) 40... Kf8 (40... Rc8 $16 {might work better.}) 41. Nc4 $1 $18 ({Don't take} 41. c7 $6 Rc8) 41... Bxc4 42. Rxc4 {[%mdl 4096] Endgame KRB-KRN} (42. Bxc4 $18 {and the rest is easy.} Nc5 43. Bxf7 $1 {[%mdl 512]}) 42... Ke7 $16 43. Rc2 {a5 is the strong threat.} Nf4 {[#]} (43... f5 $16) 44. a5 $1 $18 Ne6 45. Bxe6 Kxe6 {KR-KR} 46. c7 Rc8 47. Rb2 Rxc7 48. Rxb4 Rc1+ 49. Kh2 Ra1 50. Rb6+ Ke7 51. a6 Kf8 52. g4 g5 (52... h6 $142 53. Kg2 Ra3) 53. Kg2 Ra3 54. f3 Ke7 55. Kf2 f6 $2 (55... Kf8 56. Kg2 Ra1) 56. Ke2 h6 57. Rb7+ Kd6 58. Rb6+ (58. a7 $142 Ra2+ 59. Ke3) 58... Ke7 59. Rc6 {White is clearly winning.} Kf7 60. Rc7+ Ke6 61. a7 Kd6 62. Rf7 Ra2+ 63. Kd3 Kc5 64. Rxf6 Rxa7 65. Rxh6 Ra3+ 66. Ke2 Ra2+ 67. Ke3 Ra3+ {[#]} 68. Kf2 $1 {Precision: White = 73%, Black = 35%.} 1-0

[Event "IOM Open-Masters 2017"]
[Site "Douglas"]
[Date "2017.09.24"]
[Round "2"]
[White "Naiditsch, Arkadij"]
[Black "Hambleton, Aman"]
[Result "1-0"]
[WhiteElo "2702"]
[BlackElo "2479"]
[Annotator "TA"]
[PlyCount "173"]
[EventDate "2017.??.??"]
[EventType "swiss"]
[EventCountry "GBR"]
[SourceTitle "playchess.com"]
[Source "ChessBase"]
[SourceQuality "1"]

{[%evp 16,173,40,19,13,20,26,12,25,0,0,0,8,0,0,0,0,0,8,0,0,0,0,0,0,-25,0,-24,0,0,11,11,4,18,16,0,0,0,29,33,29,16,28,0,8,0,0,0,0,0,0,0,0,0,0,0,0,0,0,0,0,0,0,0,0,0,0,0,0,0,0,0,0,0,0,0,0,0,0,0,0,0,0,0,0,0,0,0,0,0,0,0,0,0,0,0,0,0,0,0,0,0,0,0,0,0,13,20,20,20,20,20,20,20,20,20,20,0,0,0,0,0,0,0,0,0,0,0,0,0,12,12,13,13,13,13,19,0,0,0,0,0,38,0,0,0,0,0,0,0,0,0,29976,29977,29977,29978,29977,29967,29985,29986]} 1. e4 e5 2. Nf3 Nf6 {[%cal Bg8f6,Bf6e4,Be4c3][%mdl 32]} 3. Nxe5 d6 4. Nf3 Nxe4 5. d4 d5 6. Bd3 Be7 7. O-O Nc6 {[%cal Bb8c6,Bc6a5,Ba5c4][%mdl 32]} 8. Re1 Bf5 9. Nc3 Nxc3 $1 {C42: Petroff Defence: 3 Nxe5 and unusual White 3rd moves} 10. bxc3 Bxd3 11. Qxd3 O-O {The position is equal.} 12. Rb1 (12. Re2 Qd7 13. Bf4 a6 14. Rae1 Rae8 15. h3 Bd8 16. Bg3 Rxe2 17. Rxe2 {½-½ (42) Radjabov,T (2710)-Wei,Y (2707) Doha 2016}) 12... Na5 13. Re2 c6 14. Bf4 Bf6 15. Rbe1 Nc4 16. h3 h6 {[#]} 17. Nh2 $146 ({Predecessor:} 17. Qf5 Nd6 18. Qg4 Kh7 19. Ne5 Ne4 20. Nd7 {½-½ (40) Ricardi,P (2545)-Mosquera,M (2344) Cali 2001}) 17... Bg5 18. Bxg5 Qxg5 19. Ng4 Nd6 20. Re5 Qg6 21. Qg3 Rae8 22. Rxe8 Rxe8 23. Rxe8+ Nxe8 24. Qb8 Qe6 25. Kf1 Qe7 26. Qxa7 f6 27. Ne3 Nd6 28. Qc5 {Black should prevent c4.} Qe6 29. a4 Kh7 30. a5 Nf5 31. c4 Nxe3+ 32. fxe3 Qxe3 33. cxd5 $11 {[%mdl 4096] Endgame KQ-KQ} Qf4+ 34. Ke2 Qe4+ 35. Kd1 cxd5 36. g4 Qh1+ 37. Kd2 Qxh3 38. Qc8 h5 39. Qf5+ Kh8 $1 40. Qxh5+ Qxh5 41. gxh5 {KP-KP} Kg8 $1 {[#]} 42. c4 $1 {[%mdl 512]} dxc4 43. Kc3 Kf7 44. Kxc4 {K3P-K3P} f5 $1 45. Kd3 Kf6 $1 46. Ke3 Kg5 47. d5 f4+ $1 48. Ke4 Kg4 49. d6 f3 50. Ke3 Kg3 51. d7 f2 52. d8=Q f1=Q {KQ-KQ} 53. Qg5+ Kh3 {( -> ...Qc1+)} 54. Qxg7 Qe1+ 55. Kf3 {White wants to mate with Qg4+.} Qd1+ 56. Kf4 {[%csl Gf4][%cal Rg7g3]} Qd2+ 57. Kf5 Qd3+ 58. Kg5 Qe3+ 59. Kg6 Qe4+ 60. Kh6 Qe3+ 61. Qg5 Qe6+ 62. Kg7 Qd7+ 63. Kf8 Qc8+ $1 64. Ke7 {Black must now prevent Qd5.} Qc7+ 65. Ke8 {Threatens to win with Qd5.} Qc8+ $1 66. Kf7 Qd7+ 67. Kf8 Qc8+ $1 68. Kg7 {Strongly threatening h6.} Qd7+ 69. Kh6 Qe6+ 70. Qg6 Qe3+ 71. Kh7 Qe7+ 72. Kg8 {Hoping for h6.} Qd8+ 73. Kg7 {And now Qe6+ would win.} Qe7+ 74. Qf7 Qe5+ $1 75. Kg8 {h6 is the strong threat.} Qg3+ 76. Kf8 Qd6+ 77. Ke8 {Intending Qd7+ and mate.} Qe5+ 78. Kd7 {White threatens Qe6+ and mate.} Qb5+ 79. Kc8 {Threatening mate with Qd7+.} Qxa5 80. Qe6+ Kh4 81. h6 {[%cal Bh5h6,Bh6h7][%mdl 32]} Qa8+ 82. Kd7 b5 $1 83. Ke7 b4 $2 {[%mdl 8192]} (83... Qb7+ $11 84. Kf6 Qf3+ 85. Kg6 Qd3+ 86. Qf5 Qg3+ 87. Kf6 Qd6+ 88. Qe6 Qf4+ 89. Kg6 Qg3+ 90. Kf7 Qd3) 84. h7 {White mates.} Qa7+ 85. Qd7 Qe3+ 86. Kf7 Qf4+ {[#]} 87. Ke8 $1 {Precision: White = 59%, Black = 76%.} 1-0

[Event "IOM Open-Masters 2017"]
[Site "Douglas"]
[Date "2017.09.24"]
[Round "2"]
[White "Howell, David W L"]
[Black "Batsiashvili, Nino"]
[Result "1/2-1/2"]
[WhiteElo "2701"]
[BlackElo "2472"]
[Annotator "TA"]
[PlyCount "79"]
[EventDate "2017.??.??"]
[EventType "swiss"]
[EventCountry "GBR"]
[SourceTitle "playchess.com"]
[Source "ChessBase"]
[SourceQuality "1"]

{[%evp 9,79,27,22,0,0,14,52,45,29,13,47,35,44,12,27,0,0,5,23,14,21,0,0,0,0,0,-1,-26,-4,0,1,0,0,0,0,0,0,0,0,0,4,0,0,0,0,0,0,0,0,0,0,0,0,0,0,0,0,0,0,0,0,0,0,0,0,0,0,0,0,0,0,0]} 1. Nf3 d5 2. g3 Nf6 3. Bg2 e6 4. O-O b5 (4... Be7 5. d3 O-O 6. Nbd2 c5 7. e4 Nc6 8. Re1 Qc7 9. e5 Nd7 10. Qe2 b5 11. Nf1 Bb7 12. h4 Rfc8 13. Bd2 b4 14. N1h2 Qd8 15. Bg5 h6 16. Bxe7 Nxe7 17. Qd2 a5 18. h5 c4 19. Nd4 Nc6 20. Nhf3 Nxd4 21. Nxd4 cxd3 22. cxd3 {1-0 (63) Nepomniachtchi,I (2751)-Dominguez Perez,L (2739) Saint Louis 2017}) 5. d3 Be7 6. c4 {A07: Réti Opening: New York and Capablanca Systems} bxc4 7. dxc4 O-O $146 ({Predecessor:} 7... c6 8. Qc2 O-O 9. b3 a5 10. Nc3 Nbd7 11. Rd1 Qb6 12. e4 {1-0 (48) Kovacevic,B (2489)-Ider,B (2497) Budapest 2017}) 8. cxd5 {White is slightly better.} Nxd5 9. Qc2 Bb7 10. Rd1 Nd7 11. Nc3 c5 12. Bd2 Rc8 13. Rac1 N7f6 14. Nxd5 exd5 15. Nh4 g6 16. Bg5 Re8 17. Qb3 Qb6 18. Rc2 Rcd8 19. Nf3 {The position is equal.} Ba8 20. Qxb6 axb6 21. e3 Ne4 22. Bxe7 Rxe7 23. Nd2 Red7 24. a4 Nxd2 25. Rdxd2 d4 26. Bxa8 Rxa8 $11 {[%mdl 4096] Endgame KRR-KRR} 27. Rc4 {[%cal Re3d4]} Rda7 28. b3 dxe3 29. fxe3 h5 30. Kf2 Kg7 31. Rc3 Rb8 32. Rd5 Rbb7 33. e4 Re7 34. Kf3 Re6 35. e5 Rae7 36. a5 bxa5 37. Rcxc5 Rb6 38. Rb5 Rxb5 39. Rxb5 Ra7 40. Rb6 {Precision: White = 67%, Black = 70%.} 1/2-1/2